000 00410nam a2200145 4500
001 120200
003 ES-MaACL
007 t|
008 070214s1930 sp r ||||1| spa d
100 1 _aPiracés, Agustín.
_992336
245 1 0 _aGandhi
_b: su vida : su obra : sus doctrinas /
_cAgustín Piracés.
260 _aBarcelona :
_bIberia,
_c1930.
300 _a224 p. ;
_c21 x 14 cm.
852 _aES-MaACL
_jB-5690
999 _c120200
_d120200